000 00426nam a2200157 i 4500
001 30816
003 ES-MaACL
005 20230906154247.0
007 t|
008 030127q19001999xr |||| | spa d
245 0 0 _aBellezas y encantos de Checoslovaquia.
260 _aPraga :
_bV. Neubert Asynove,
_c[19--?]
300 _a52 p. ;
_c18 cm.
651 4 _aChecoslovaquia-
_xDescripción.
_9161809
852 _aES-MaACL
_j1743-F-17
999 _c30816
_d30816